Missing Word: Pirates of the Caribbean Movies Quiz Stats

 Plays Quiz Updated Jan 4, 2019

Support Sporcle.
Go Orange.
Score 0/5 Timer 01:00
0 Plays Today
Movie Missing Word % Correct
At World's ________End
98.1%
The Curse of the ________ PearlBlack
97.9%
________ Men Tell No TalesDead
97.3%
Dead Man's ________Chest
94.1%
On ________ TidesStranger
76.8%

Today's Daily Dose

From the Vault

Anagram Map of Europe

by bhenderson79

Playing every quiz 'We Send' your way is 'A Vital' part of being a Sporcler, so let us 'Lay It' on you.
Remove Ads.
Support Sporcle.
Get the best of Sporcle when you Go Orange. This ad-free experience offers more features, more stats, and more fun while also helping to support Sporcle. Thank you for becoming a member.

Show Comments

Extras

Top Quizzes Today


Score Distribution

Your Account Isn't Verified!

In order to create a playlist on Sporcle, you need to verify the email address you used during registration. Go to your Sporcle Settings to finish the process.

Report this User

Report this user for behavior that violates our Community Guidelines.

Details: